Výdavky na reklamu
Zhrnutie podmienok a možností zahŕňania výdavkov na reklamu do daňových výdavkov (nákladov) pri vypĺňaní daňových priznaní za rok 1999 (postup podľa zákona o daniach z príjmov - ZDP). Praktické príklady reklamy a jej posudzovanie z hľadiska ZDP. Reklamné dary. Reklamná kampaň. Sponzorstvo. Postup da...
Enregistré dans:
| Auteur principal: | |
|---|---|
| Format: | Chapitre de livre |
| Langue: | slovaque |
| Sujets: | |
| Tags: |
Pas de tags, Soyez le premier à ajouter un tag!
|
MARC
| LEADER | 00000naa a2200000 4500 | ||
|---|---|---|---|
| 001 | r037494 | ||
| 005 | 20231003083547.2 | ||
| 041 | 0 | |a slo | |
| 044 | |a SK | ||
| 245 | 1 | 0 | |a Výdavky na reklamu |c Tomáš Barcaj |
| 520 | |a Zhrnutie podmienok a možností zahŕňania výdavkov na reklamu do daňových výdavkov (nákladov) pri vypĺňaní daňových priznaní za rok 1999 (postup podľa zákona o daniach z príjmov - ZDP). Praktické príklady reklamy a jej posudzovanie z hľadiska ZDP. Reklamné dary. Reklamná kampaň. Sponzorstvo. Postup daňovníka pri určovaní základu dane z príjmov právnických osôb. | ||
| 610 | 2 | 0 | |a výdavky daňové |
| 610 | 2 | 0 | |a reklama |
| 610 | 2 | 0 | |a dane z príjmov |
| 610 | 2 | 0 | |a podnikatelia |
| 610 | 2 | 0 | |a náklady daňové |
| 100 | 1 | |a Barcaj, Tomáš | |